Every Country to win an Olympic Medal: Tug of War - Statistics

General Stats
  • This quiz has been taken 2 times
  • The average score is 3 of 6
Answer Stats
# of Medals Country % Correct
5 Great Britain
100%
2 USA
100%
1 Belgium
50%
1 Sweden
50%
3 Mixed Team
0%
1 Netherlands
0%
No matching quizzes found
Score Distribution
Percent of People with Each Score
Percentile by Number Answered
Your Score History
You have not taken this quiz